000 00392nam a22001577a 4500
003 MPLRDC
005 20220104170254.0
008 210129b ||||| |||| 00| 0 eng d
082 _a490.7 KOT
100 _aPHILIP KOTLER
245 _aMARKETING MANAGEMENT: ANALYSIS, PLANNING, AND CONTROL
_c
260 _a
_bPRENTICE-HALL, INC
_c
300 _b
650 _a
942 _cBK
_o490.7 KOT
999 _c57866
_d57856